| 000 | 01276nam a22003134a 4500 | ||
|---|---|---|---|
| 001 | ebr5000459 | ||
| 003 | CaPaEBR | ||
| 006 | m u | ||
| 007 | cr cn||||||||| | ||
| 008 | 000104s2000 hiub sb 001 0 eng | ||
| 010 | _z 00020267 | ||
| 020 | _z0824822374 (cloth : alk. paper) | ||
| 020 | _z0824823265 (pbk. : alk. paper) | ||
| 040 |
_aCaPaEBR _cCaPaEBR |
||
| 035 | _a(OCoLC)49848331 | ||
| 050 | 1 | 4 |
_aHT147.E18 _bY48 2000eb |
| 082 | 0 | 4 |
_a307.76/0954 _221 |
| 100 | 1 | _aYeung, Yue-man. | |
| 245 | 1 | 0 |
_aGlobalization and networked societies _h[electronic resource] : _burban-regional change in Pacific Asia / _cYue-man Yeung. |
| 260 |
_aHonolulu : _bUniversity of Hawai'i Press, _cc2000. |
||
| 300 |
_axvi, 287 p. : _bmaps. |
||
| 504 | _aIncludes bibliographical references (p. [253]-276) and index. | ||
| 533 |
_aElectronic reproduction. _bPalo Alto, Calif. : _cebrary, _d2013. _nAvailable via World Wide Web. _nAccess may be limited to ebrary affiliated libraries. |
||
| 650 | 0 |
_aUrbanization _zEast Asia. |
|
| 650 | 0 |
_aCommunity development _zEast Asia. |
|
| 655 | 7 |
_aElectronic books. _2local |
|
| 710 | 2 | _aebrary, Inc. | |
| 856 | 4 | 0 |
_uhttp://site.ebrary.com/lib/rucke/Doc?id=5000459 _zAn electronic book accessible through the World Wide Web; click to view |
| 999 |
_c2830 _d2830 |
||